| 000 | 00910nam a2200241 a 4500 | ||
|---|---|---|---|
| 005 | 20141003104011.0 | ||
| 008 | 140715b1998 ck ||||| |||| 00| 0 spa d | ||
| 041 | _aspa | ||
| 044 | _ack | ||
| 090 |
_aIAvH _b00097 |
||
| 100 | 1 | 0 |
_aHernández-Pérez, Sarah _92040 |
| 245 | 1 | 0 |
_aValoración de los servicios ambientales de un programa de arborización : _bPrograma Hojas Verdes en el Parque Simón Bolívar |
| 260 |
_aBogotá : _bInstituto Alexander von Humboldt, _bCámara de Comercio de Bogotá - Programa de Hojas Verdes, _c1998. |
||
| 300 |
_a92 p. _bTablas _c28 cm |
||
| 650 | 4 |
_aServicios ambientales _927552 |
|
| 650 | 4 |
_aArborización _927553 |
|
| 650 | 4 |
_aValoración ambiental _97515 |
|
| 650 | 4 |
_aValoración económica _94196 |
|
| 650 |
_aAspectos socioeconómicos _927554 |
||
| 650 |
_aMétodos de evaluación _915632 |
||
| 662 |
_aColombia _cParque Simón Bolivar _dBogotá |
||
| 942 |
_cINFORME _2z |
||
| 999 |
_c1728 _d1728 |
||